000 00811nam a22002537i 4500
003 DO-SdBNP
005 20240408091621.0
007 ta
008 240405b2023 dr ||||| |||| 00| p spa d
020 _a9789945938609
040 _aDO-SdBNP
_bspa
_cBNPHU
_erda
082 4 _222
_bM141a
100 1 _aMaceo, Wilkin Alberto,
_eautor
_985146
245 1 0 _aAñoranzas :
_bsusurros del alma /
_cWilkin Alberto Maceo Méndez.
264 1 _aSanto Domingo :
_bEl Gato Ediciones,
_bÚltimos Monstros Ediciones,
_c2023.
300 _a102 páginas ;
_c20 cm.
336 _2rdacontent
_atexto
_btxt
337 _2rdamedia
_asin mediación
_bn
338 _2rdacarrier
_avolumen
_bnc
500 _aIncluye datos biográficos del autor en las solapas
590 _aInventariado, 2024 /LP
910 _aLP
942 _2ddc
_cLBS1
999 _c56270
_d56270